Ultimate Always Sunny in Philadelphia - Statistics

General Stats
  • This quiz has been taken 642 times
  • The average score is 32 of 46
Answer Stats
Characters Answer % Correct
Bar owner, looks like pedophile Dennis
100%
Illiterate, janitor, stalker Charlie
99%
Twin sister of ^ Dee
99%
Co-owner of bar, has father in prison Mac
99%
Father of #1 and #2 Frank
97%
Priest, homeless, gets hunted Cricket
96%
Works at coffee shop, stalking victim Waitress
95%
Bar owned by the gang Paddy's Pub
90%
Brother of ^ Bill
85%
Tranny Carmen
84%
Made for feline paws Kitten Mittens
84%
McPoyle brother Liam
84%
Play created by one of the gang The Nightman Cometh
84%
Actress, open about sexuality Artemis
83%
Meat believed to have been consumed by two of the main characters Human
83%
High school sweetheart of #1 Maureen
82%
Fruit never eaten by one of the gang Pear
82%
Weapon always carried by one of the main characters Gun
81%
Movie franchise that the gang makes a 5th installment of Lethal Weapon
80%
Soldier, given jean shorts Ben
79%
Supposed successful dating strategy invented by #1 DENNIS System
79%
Held this event for the troops Wrestling Match
78%
Actual father of #1 and #2 Bruce
77%
Former member of the gang Schmitty
74%
Wife of ^ Barbara
73%
Father of #3, in prison Luther
73%
Held at bar where the pize is the actual bar Dance Marathon
72%
Sister of ^ Margaret
72%
Other McPoyle brother Ryan
72%
Mother of ^ Bonnie
71%
Main characters attempt to sell this door-to-door, powers cars Gas
70%
Local rapper, might be mentally challenged Lil Kev
69%
Mother of ^ Mrs. Mac
65%
What the gang calls themselves during ^ Birds of War
63%
Known as Fatty McGoo Ingrid
60%
Drink wine out of these Pop Cans
58%
Bought to advertise bar Billboard
55%
Makes this to scare off Israeli bar owner Jihad Tape
42%
Favorite hobby of one of the main character, cling to each other Magnets
34%
Nickname father of #1 and #2 wants to be called Mantis
33%
Took vacation to this destination Grand Canyon
32%
Main characters owe money to this organization Mob
32%
Elderly woman, posed as grandma Gladys
27%
Invests in this type of transportation Boat
18%
Occasionally seen in background of bar Ernie
18%
Buys this to keep bums away from bar Police Car
17%
No matching quizzes found
Score Distribution
Percent of People with Each Score
Percentile by Number Answered
Your Score History
You have not taken this quiz